000 00449nam a2200205Ia 4500
001 081750
003 YMCAF
005 20230512161342.0
008 100717s2001 ||||||||||||||||| ||und|d
024 _a81750
035 _a21210
040 _aYMCAF
_beng
_cIN-KoLT
041 _aeng
082 _a381.142
_bBAJ
100 _aBajaj, Kamlesh K
245 0 _aE-Commerce- the cutting edge
260 _bTMH
_c2001
300 _a446
942 _2ddc
_cBK
999 _c8268
_d8268